000 00397nam a2200169Ia 4500
001 8076
003 IN-NITTTR
005 20251114233034.0
008 251113s9999||||xx |||||||||||||| ||eng||
040 _beng
040 _cIN-NITTTR
041 _aeng
082 _a621.381 S29M
100 _aSentz, Robert E
245 0 _aModern communications electronics /
_cSentz, Robert E
942 _2ddc
_cBK
999 _c10714
_d10714